000 00331nam a2200109Ia 4500
008 220216s9999 xx 000 0 und d
100 _aWhite James L.
245 0 _aTowards understanding of the rheology of rubber compounds and their processing
260 _bRubber Chemistry and Technology
_c2009
300 _a131-148
942 _cJS
999 _c71424
_d71424